Music Quiz

Random Music or Rock Quiz

Find the Rock and Roll Hall of Fame Inductees (2000s) Quiz Stats

 Plays Quiz Updated Mar 1, 2018

Score 0/20 Timer 04:00
10 Plays Today
% Correct
Michael Jackson (2001)
97.4%
Madonna (2008)
97%
Prince (2004)
96.8%
Miles Davis (2006)
95.6%
Patti Smith (2007)
95.3%
Leonard Cohen (2008)
95.1%
ZZ Top (2004)
94.7%
U2 (2005)
94.6%
Queen (2001)
93.3%
Aerosmith (2001)
92.2%
% Correct
Run–D.M.C. (2009)
91.5%
Elvis Costello &
the Attractions (2003)
91.5%
The Police (2003)
91.4%
Grandmaster Flash and
The Furious Five (2007)
90.7%
Sex Pistols (2006)
90.5%
Tom Petty and
the Heartbreakers (2002)
90.2%
Metallica (2009)
88.8%
Ramones (2002)
87.1%
AC|DC (2003)
85.8%
R.E.M. (2007)
84.8%

You're not logged in!

Compare scores with friends on all Sporcle quizzes.
OR
Log In

You Might Also Like...

Show Comments

Extras

Top Quizzes Today


Score Distribution

Your Account Isn't Verified!

In order to create a playlist on Sporcle, you need to verify the email address you used during registration. Go to your Sporcle Settings to finish the process.

Report this User

Report this user for behavior that violates our Community Guidelines.

Details: